=LDR 00000nam 2200000 4500 =001 INLIS000000000046293 =005 20150309104101.0 =006 =007 =008 =020 ##$$a 978-602-8815-60-4 =035 ##$$0010-031500000000065 =040 ##$$a NBPDMAT =082 ##$$a 025.45 =090 ##$$a 025.45 $b kla k =100 ##$$a Theodrik simorangkir, S.H., M.H =245 ##$$a klasifikasi desimal universal ( universal desimal classification) dan indeks relatif $c Theodrik simorangkir, S.H., M.H =260 ##$$a jakarta $b badan pembinaan hukum nasional $c 2013 =300 ##$$a vii, 652 hlm, $c 21 cm. =700 ##$$a Theodrik simorangkir, S.H., M.H =990 ##$$a 0001/BPAP-NTB/20142015